Capitales de Asia en un mapa - Estadísticas

Estadísticas generales
  • Esta prueba ha sido intentada 508 veces
  • La puntuación promedio es 35 de 48
Respuestas en el mapa
Las respuestas están codificadas por una escala verde-roja en el mapa de la prueba según el % correcto abajo.
 
Estadísticas de respuestas
Country Capital % Correcto
Japón Tokio
98%
China Pekín
97%
Corea del Sur Seúl
96%
Turquia Ankara
95%
Israel Jerusalén
91%
India Nueva Delhi
91%
Irán Teherán
88%
Singapur Singapur
86%
Mongolia Ulán Bator
86%
Tailandia Bangkok
85%
Corea del Norte Pionyang
85%
Arabia Saudita Riad
84%
Indonesia Yakarta
84%
Emiratos Árabes Unidos Abu Dabi
83%
Siria Damasco
83%
Irak Bagdad
82%
Filipinas Manila
82%
Vietnam Hanói
81%
Kuwait Kuwait
81%
Catar Doha
80%
Chipre Nicosia
80%
Taiwán Taipéi
80%
Pakistán Islamabad
79%
Afganistán Kabul
78%
Azerbaiyán Bakú
77%
Georgia Tiflis
76%
Kazajistán Astaná
75%
Jordania Amán
74%
Líbano Beirut
74%
Bangladés Daca
74%
Malasia Kuala Lumpur
74%
Nepal Katmandú
71%
Yemen Saná
70%
Armenia Ereván
69%
Omán Mascate
67%
Kirguistán Biskek
59%
Camboya Nom Pen
59%
Maldivas Malé
58%
Laos Vientián
58%
Timor Oriental Dili
57%
Baréin Manama
57%
Sri Lanka Sri Jayawardenapura Kotte
56%
Myanmar Naipyidó
52%
Turkmenistan Asjabad
51%
Bután Timbu
50%
Uzbekistán Taskent
47%
Tayikistán Dusambé
45%
Brunéi Bandar Seri Begawan
40%
No se encontraron pruebas coincidentes
Distribución de puntuación
Porcentaje de gente con cada puntuación
Porcentaje por número respondido
Historial de tus puntuaciones
No has intentado esta prueba.